Petit Bac #05 - Pays d'Amérique du Sud - Statistiques

Statistiques générales
  • Ce quiz a été pris 5 450 fois
  • Le résultat moyen est 9 sur 9
Statistiques - réponses
1ère Lettre Pays % Correct
B Bolivie / Brésil
99%
C Chili / Colombie
99%
A Argentine
98%
P Paraguay / Pérou
98%
U Uruguay
98%
V Venezuela
97%
E Equateur
94%
G Guyana
86%
S Suriname
86%
Aucun quiz correspondant
Distribution des résultats
% des personnes avec chaque résultat
Percentile par nombre de réponses
Votre historique - résultats
Vous n’avez pas pris ce quiz